ბათუმის შოთა რუსთაველის სახელმწიფო უნივერსიტეტის ბიბლიოთეკა

...მწე ჩემდა ხარ (ბიბ.ჩანაწერი № 48441)

000 -LEADER
fixed length control field 00664nam a2200229Ia 4500
001 - CONTROL NUMBER
control field 15333
003 - CONTROL NUMBER IDENTIFIER
control field GE_BSU
008 - FIXED-LENGTH DATA ELEMENTS--GENERAL INFORMATION
fixed length control field 181216s||||||||xx |||||||||||||| ||und||
040 ## - CATALOGING SOURCE
Transcribing agency GE_BSU
080 ## - UNIVERSAL DECIMAL CLASSIFICATION NUMBER
Universal Decimal Classification number 821.353.1-31
100 ## - MAIN ENTRY--PERSONAL NAME
Personal name ქურდოვანიძე, თეიმურაზ
245 ## - TITLE STATEMENT
Title ...მწე ჩემდა ხარ
245 ## - TITLE STATEMENT
Remainder of title რომანი
245 ## - TITLE STATEMENT
Statement of responsibility, etc. [რედ.: ლია არაბიძე]
260 ## - PUBLICATION, DISTRIBUTION, ETC.
Place of publication, distribution, etc. თბილისი
260 ## - PUBLICATION, DISTRIBUTION, ETC.
Name of publisher, distributor, etc. მერანი
260 ## - PUBLICATION, DISTRIBUTION, ETC.
Date of publication, distribution, etc. 1991
300 ## - PHYSICAL DESCRIPTION
Extent 119გვ.20სმ.
653 ## - INDEX TERM--UNCONTROLLED
Uncontrolled term ...მწე ჩემდა ხარ
653 ## - INDEX TERM--UNCONTROLLED
Uncontrolled term რომანი
942 ## - ADDED ENTRY ELEMENTS (KOHA)
Koha item type წიგნი
ეგზემპლარები
Withdrawn status Lost status Damaged status Not for loan Date acquired Barcode Date last seen Price effective from Koha item type
        2018-12-17 37878 2018-12-17 2018-12-17 წიგნი
        2018-12-17 37879 2018-12-17 2018-12-17 წიგნი
        2018-12-17 37880 2018-12-17 2018-12-17 წიგნი
        2018-12-17 37881 2018-12-17 2018-12-17 წიგნი